Let there be light! (Record no. 78971)

MARC details
000 -LEADER
fixed length control field 01536cab a22002655a 4500
001 - CONTROL NUMBER
control field L138722
008 - FIXED-LENGTH DATA ELEMENTS--GENERAL INFORMATION
fixed length control field 070705s2007 xxk f 000 0 eng d
035 ## - SYSTEM CONTROL NUMBER
System control number (Sirsi) u138722
041 0# - LANGUAGE CODE
Language code of text/sound track or separate title eng
100 1# - MAIN ENTRY--PERSONAL NAME
Personal name Oliver, Laura
245 00 - TITLE STATEMENT
Title Let there be light!
Remainder of title recent rights of light cases and the implications for developers
260 ## - PUBLICATION, DISTRIBUTION, ETC.
Date of publication, distribution, etc. 2007
490 ## - SERIES STATEMENT
Series statement Lovells Real Estate Quarterly
Volume/sequential designation June 2007, 1-4(4)
520 ## - SUMMARY, ETC.
Summary, etc. Examines recent legal rulings which have given right to light claims a significant boost against the buying power of developers. Until recently most developers preferred to pay damages costs, as this was the expected outcome of any rulings in against them. Tamares V Fairpoint Properties (L136179) showed that damages may be considered appropriate, rather than an injunction. However, Regan V Paul Properties (L135566) showed that if objections are lodged early enough, the granting of an injunction may be the more appropriate ruling. The level of damages awarded to Tamares (L136793) also serves as a warning to developers.
590 ## - LOCAL NOTE (RLIN)
Local note KA
650 24 - SUBJECT ADDED ENTRY--TOPICAL TERM
Topical term or geographic name entry element RIGHT TO LIGHT
650 24 - SUBJECT ADDED ENTRY--TOPICAL TERM
Topical term or geographic name entry element PRESCRIPTION ACT 1832
650 24 - SUBJECT ADDED ENTRY--TOPICAL TERM
Topical term or geographic name entry element SHELFER V CITY OF LONDON ELECTRIC LIGHTING CO
650 24 - SUBJECT ADDED ENTRY--TOPICAL TERM
Topical term or geographic name entry element MIDTOWN LTD V CITY OF LONDON REAL PROPERTY CO LTD
650 24 - SUBJECT ADDED ENTRY--TOPICAL TERM
Topical term or geographic name entry element TAMARES (VINCENT SQUARE) LTD V FAIRPOINT PROPERTIES (VINCENT SQUARE) LTD
650 24 - SUBJECT ADDED ENTRY--TOPICAL TERM
Topical term or geographic name entry element REGAN V PAUL PROPERTIES LTD AND OTHERS
651 #4 - SUBJECT ADDED ENTRY--GEOGRAPHIC NAME
Geographic name United Kingdom
Chronological subdivision
690 ## - LOCAL SUBJECT ADDED ENTRY--TOPICAL TERM (OCLC, RLIN)
Topical term or geographic name as entry element PROPERTY-PROPERTY MANAGEMENT-EASEMENTS-RIGHTS TO LIGHT DETERMINATION
942 ## - ADDED ENTRY ELEMENTS (KOHA)
Suppress in OPAC 0
Holdings
Withdrawn status Lost status Source of classification or shelving scheme Damaged status Not for loan Home library Current library Shelving location Date acquired Total Checkouts Full call number Barcode Date last seen Copy number Price effective from Koha item type
    Dewey Decimal Classification     London London Journal article 05/07/2007   L138722 138722-1001 06/08/2019 1 06/08/2019 Journal article